000 00640nam a22002177a 4500
001 51536
003 BD-RjUL
005 20211209075657.0
008 160831b19601958nyu||||| |||| 001 0 eng d
035 _a(BD-RjUL) 51656
040 _aBD-RjUL
_beng
_cBD-RjUL
_dBD-RjUL
041 _aeng
082 _223
_a519.5
_bGUS 1960
100 _aGumbel, Emil Julius
_9154054
245 _aStatistics of extremes /
_cEmil Julius Gumbel
260 _aNew York :
_bColumbia University Press,
_c1958 [printing 1970]
300 _axiv, 344p. :
_bill. ;
_c23
500 _aIncludes index
650 _aMathematical statistics.
_9154055
942 _2ddc
_cBK
999 _c51536
_d51536